000 00295nam a22001217a 4500
020 _a978-93-272-6276-6
082 _a640
_bMUL/H
100 _aMULLICK, PREMLATA
245 _aTEXTBOOK OF HOME SCIENCE
260 _aLUDHIANA
_bKALYANI PUBLISHERS
_c1995
650 _aHOME SCIENCE
_zINDIA
942 _cBK
999 _c7922
_d7922